The Secret / (Record no. 15496)
[ view plain ]
| 000 -LEADER | |
|---|---|
| fixed length control field | 01256cam a2200289 a 4500 |
| 001 - CONTROL NUMBER | |
| control field | 14512146 |
| 005 - DATE AND TIME OF LATEST TRANSACTION | |
| control field | 20070910092326.0 |
| 008 - FIXED-LENGTH DATA ELEMENTS--GENERAL INFORMATION | |
| fixed length control field | 060822s2006 nyu 000 0 eng |
| 010 ## - LIBRARY OF CONGRESS CONTROL NUMBER | |
| LC control number | 2006933243 |
| 020 ## - INTERNATIONAL STANDARD BOOK NUMBER | |
| International Standard Book Number | 1582701709 |
| 020 ## - INTERNATIONAL STANDARD BOOK NUMBER | |
| International Standard Book Number | 9781582701707 (hardcover : alk. paper) |
| 040 ## - CATALOGING SOURCE | |
| Original cataloging agency | DLC |
| Transcribing agency | DLC |
| Modifying agency | DLC |
| 050 00 - LIBRARY OF CONGRESS CALL NUMBER | |
| Classification number | BF639 |
| Item number | .B97 2006 |
| 082 00 - DEWEY DECIMAL CLASSIFICATION NUMBER | |
| Classification number | 131 |
| Edition number | 22 |
| Item number | BYR |
| 100 1# - MAIN ENTRY--PERSONAL NAME | |
| Personal name | Byrne, Rhonda. |
| 9 (RLIN) | 24535 |
| 245 14 - TITLE STATEMENT | |
| Title | The Secret / |
| Statement of responsibility, etc | Rhonda Byrne. |
| 260 ## - PUBLICATION, DISTRIBUTION, ETC. (IMPRINT) | |
| Place of publication, distribution, etc | New York : |
| Name of publisher, distributor, etc | Beyond Words Pub., 2006 |
| Date of publication, distribution, etc | 2006. |
| 300 ## - PHYSICAL DESCRIPTION | |
| Extent | xv, 198 p. ; |
| Dimensions | 19 cm. |
| 650 #0 - SUBJECT ADDED ENTRY--TOPICAL TERM | |
| Topical term or geographic name as entry element | New Thought. |
| 9 (RLIN) | 24536 |
| 653 ## - INDEX TERM--UNCONTROLLED | |
| Resource For college | |
| -- | |
| Arrived date list | May2011 |
| BestSellers | Best Sellers |
| 856 42 - ELECTRONIC LOCATION AND ACCESS | |
| Materials specified | Publisher description |
| Uniform Resource Identifier | <a href="http://www.loc.gov/catdir/enhancements/fy0702/2006933243-d.html">http://www.loc.gov/catdir/enhancements/fy0702/2006933243-d.html</a> |
| 942 ## - ADDED ENTRY ELEMENTS (KOHA) | |
| Source of classification or shelving scheme | Dewey Decimal Classification |
| Item type | Book - Borrowing |
| Withdrawn status | Item status | Source of classification or shelving scheme | Materials specified (bound volume or other part) | Damaged status | Not for loan | Vendor | Home library | Current library | Shelving location | Date acquired | Cost, normal purchase price | Total Checkouts | Total Renewals | Full call number | Barcode | Date last seen | Date last borrowed | Koha item type | Source of acquisition | Serial Enumeration / chronology | Checked out |
|---|---|---|---|---|---|---|---|---|---|---|---|---|---|---|---|---|---|---|---|---|---|
| Lost | Dewey Decimal Classification | Lost In Inventory_18-8-2021 | Baccah | Central Library | Central Library | Lower Floor | 01/06/2011 | 139.00 | 6 | 31 | 131 BYR | 000023939 | 27/12/2018 | 08/10/2018 | Book - Borrowing | ||||||
| Dewey Decimal Classification | Alef book stores | Central Library | Central Library | Lower Floor | 13/12/2011 | 139.00 | 38 | 73 | 131 BYR | 000025829 | 02/02/2023 | 02/02/2023 | Book - Borrowing | 3161 | 11/02/2023 |